00342nam a2200133Ia 4500020001800000082001600018245005800034260003100092300001200123650001500135650001500150650002100165700002200186 a9781138795631 a333.72 ENV; 0aEnvironment, politics and activism: the role of media aNew DelhibRoutledgec2014 aix, 221 aRAGPICKERS aMASS MEDIA aCLIMATIC CHANGES aBatabyal, Somnath